The life of Herbert Hoover / (Record no. 187592)

000 -LEADER
fixed length control field 01395 a2200241 4500
003 - CONTROL NUMBER IDENTIFIER
control field Nust
005 - DATE AND TIME OF LATEST TRANSACTION
control field 20230213122806.0
010 ## - LIBRARY OF CONGRESS CONTROL NUMBER
LC control number 82014521
020 ## - INTERNATIONAL STANDARD BOOK NUMBER
International Standard Book Number 039301634X (v. 1)
020 ## - INTERNATIONAL STANDARD BOOK NUMBER
International Standard Book Number 0393025500 (v. 2)
020 ## - INTERNATIONAL STANDARD BOOK NUMBER
International Standard Book Number 0393038416 (v. 3)
040 ## - CATALOGING SOURCE
Transcribing agency Nust
082 00 - DEWEY DECIMAL CLASSIFICATION NUMBER
Classification number 973.9160924,NAS
100 1# - MAIN ENTRY--PERSONAL NAME
Personal name Nash, George H.,
9 (RLIN) 109000
245 14 - TITLE STATEMENT
Title The life of Herbert Hoover /
Statement of responsibility, etc. by George H. Nash.
250 ## - EDITION STATEMENT
Edition statement 1st ed.
260 ## - PUBLICATION, DISTRIBUTION, ETC.
Place of publication, distribution, etc. New York :
Name of publisher, distributor, etc. W.W. Norton,
Date of publication, distribution, etc. c1983-<c1996 >
300 ## - PHYSICAL DESCRIPTION
Extent v. <1-3 > :
Other physical details ill. ;
Dimensions 24 cm.
505 1# - FORMATTED CONTENTS NOTE
Formatted contents note An Lowa Boyhood (Page-1), Oregon Years (Page-13), Stanford University (Page-26), A California Apprenticeship (Page-42), Australia (Page-52), The Sons of Gawalia (Page-71), China The First Year (Page-96), The Kaiping Mines Are Acquired (Page-125), A Mine Manager in China (Page-160), The Celestial Empire Strikes Back (Page-182), Chang Yen-mao v Moreing (Page-204), A Partner in Bewick Moreing (Page-223), The Case of a Stanley Rowe (Page-245), Failures and Frustrations (Page-302), Troubles (Page-319), The Zinc Corporation (Page-348), Getting out of Bewick Moreing (Page-371,) Burma (Page-412), Russia (Page-426), The Oilman (Page-447), The Professional (Page-475), The Lobbyist (Page-541), A Man of Force (Page-560).
600 10 - SUBJECT ADDED ENTRY--PERSONAL NAME
Personal name Hoover, Herbert,
Dates associated with a name 1874-1964.
9 (RLIN) 109001
650 #0 - SUBJECT ADDED ENTRY--TOPICAL TERM
Topical term or geographic name entry element Presidents
Geographic subdivision United States
General subdivision Biography.
9 (RLIN) 50572
942 ## - ADDED ENTRY ELEMENTS (KOHA)
Source of classification or shelving scheme
Koha item type Book
Holdings
Withdrawn status Lost status Source of classification or shelving scheme Damaged status Not for loan Permanent Location Current Location Shelving location Date acquired Full call number Barcode Date last seen Price effective from Koha item type Public note
          Military College of Signals (MCS) Military College of Signals (MCS) General Stacks 12/12/2016 973.9160924,NAS MCS5702 12/08/2016 12/12/2016 Book Almirah No.62, Shelf No.6
© 2023 Central Library, National University of Sciences and Technology. All Rights Reserved.